المكتبات المدرسية ومراكز مصادر التعلم / (رقم التسجيلة. 40557)

تفاصيل مارك
000 -الفاتح
عناصر البيانات ثابتة الطول 00913cam a2200241 i 4500
005 - تاريخ ووقت آخر معاملة
حقل ضبط 20251108170131.0
008 - عناصر البيانات ثابتة الطول
عناصر البيانات ثابتة الطول 250721s2001 jo gr 000 0 ara d
020 ## - الترقيم الدولي المعياري للكتب (ردمك)
الترقيم الدولي المعياري للكتب (ردمك) 9957071955
082 14 - رقم تصنيف ديوي العشري
رقم التصنيف 027.8
رقم المادة ع ل ي
100 1# - مدخل رئيسي – اسم شخصي
الاسم الشخصي عليان، ربحي مصطفى
علاقة الشخص بالعمل/ دوره مؤلف.
245 12 - بيان العنوان
العنوان المكتبات المدرسية ومراكز مصادر التعلم /
بيان المسؤولية الدكتور مصطفى ربحي عليان.
250 ## - بيان الطبعة
بيان الطبعة الطبعة الاولى.
264 1# - بيانات النشر، التوزيع…إلخ
مكان النشر، التوزيع...إلخ عمان :
اسم الناشر، الموزع...إلخ دار الفكر للطباعة والنشر والتوزيع،
تاريخ النشر، التوزيع...إلخ 2001.
300 ## - الوصف المادي
عدد الوحدات المكونة للوعاء 568صفحة.
650 17 - مدخل إضافي بالموضوع - مصطلح موضوعي
مصطلح موضوعي أو اسم جغرافي كعنصر مدخل المنكتبات الإسلامية.
650 17 - مدخل إضافي بالموضوع - مصطلح موضوعي
مصطلح موضوعي أو اسم جغرافي كعنصر مدخل المكتبات العامة.
650 17 - مدخل إضافي بالموضوع - مصطلح موضوعي
مصطلح موضوعي أو اسم جغرافي كعنصر مدخل المكتبات الوطنية.
650 17 - مدخل إضافي بالموضوع - مصطلح موضوعي
مصطلح موضوعي أو اسم جغرافي كعنصر مدخل نظم المكتبات.
650 17 - مدخل إضافي بالموضوع - مصطلح موضوعي
مصطلح موضوعي أو اسم جغرافي كعنصر مدخل شبكات المعلومات.
650 17 - مدخل إضافي بالموضوع - مصطلح موضوعي
مصطلح موضوعي أو اسم جغرافي كعنصر مدخل المكتبيون.
942 ## - بيانات إضافية (كوها)
نوع التنصيف Dewey Decimal Classification
نوع المادة (كوها) كتب
المقتنيات
حالة السحب حالة الفقدان مصدر التصنيف حالة التلف غير قابل للإعارة المكتبة الرئيسية المكتبة الحالية موقع الرف تاريخ التزويد الرقم المتسلسل Total Checkouts رقم الإستدعاء الباركود تاريخ آخر ظهور تاريخ الفاتورة نوع المادة (كوها)
    Dewey Decimal Classification     المكتبة المركزية المكتبة المركزية الإعارة 06/07/2004 443371   027.8 / ع ل ي 443371 28/07/2025 06/07/2004 كتب
    Dewey Decimal Classification     المكتبة المركزية المكتبة المركزية الإعارة 24/04/2016 1625340   027.8 / ع ل ي PLD00387771 28/07/2025 24/04/2016 كتب
    Dewey Decimal Classification     مكتبة أبو علندا العامة مكتبة أبو علندا العامة الإعارة 06/07/2004 443388   027.8/علي 443388 28/07/2025 06/07/2004 كتب
    Dewey Decimal Classification     مكتبة الأميرة ايمان العامة مكتبة الأميرة ايمان العامة الإعارة 06/07/2004 443378   027.8/علي 443378 28/07/2025 06/07/2004 كتب
    Dewey Decimal Classification Unchecked   مكتبة الاميرة بديعة مكتبة الاميرة بديعة الإعارة 06/07/2004 443382   027.8/علي   28/07/2025 06/07/2004 كتب
    Dewey Decimal Classification Unchecked   مكتبة الاميرة بديعة مكتبة الاميرة بديعة الإعارة 06/07/2004 443382   027.8/علي   28/07/2025 06/07/2004 كتب
    Dewey Decimal Classification     مكتبة الجويدة مكتبة الجويدة الإعارة 06/07/2004 443383   027.8/علي 443383 28/07/2025 06/07/2004 كتب
    Dewey Decimal Classification     مكتبة الحسن العامة مكتبة الحسن العامة الإعارة 06/07/2004 443384   027.8/علي 443384 28/07/2025 06/07/2004 كتب
    Dewey Decimal Classification     مكتبة النصر العامة مكتبة النصر العامة الإعارة 06/07/2004 443379   027.8/علي 443379 28/07/2025 06/07/2004 كتب
    Dewey Decimal Classification     مكتبة حمزة العامة مكتبة حمزة العامة الإعارة 06/07/2004 443385   027.8/علي 443385 28/07/2025 06/07/2004 كتب
    Dewey Decimal Classification     مكتبة صويلح العامة مكتبة صويلح العامة الإعارة 06/07/2004 443380   027.8/علي 443380 28/07/2025 06/07/2004 كتب
    Dewey Decimal Classification Unchecked   مكتبة وادي السير العامة مكتبة وادي السير العامة الإعارة 06/07/2004 443385   027.8/علي   28/07/2025 06/07/2004 كتب
Implemented & Customized by: BBB with SCIT (Smart Chains for Information Technology)

Powered by Koha